000 00632nam a2200229Ia 4500
008 160901s9999 xx 000 0 und d
020 _a971-08-7116-1
050 _aComSc QA 76.9
050 _b.D3P47 2010 c.1
100 _aPepito, Copernicus P.
245 _aIntroduction to SQL server 2008 :
245 _bdatabase programming : series 1-simple RDBMS application /
245 _cCopernicus P. Pepito.
260 _aMandaluyong :
260 _bNational Book Store,
260 _c2010
300 _a293 pages :
300 _bill. ;
300 _c23 cm.
650 _aSQL server.
650 _xDatabase management.
999 _c300931
_d300931